000 00626nam a2200241Ia 4500
003 OSt
005 20221005035033.0
006 a|||||r|||| 00| 0
007 ta
008 221004b |||||||| |||| 00| 0 eng d
024 _a29321
037 _cTextual
040 _aCRL
_cCRL
_beng
041 _2eng
_aeng
082 _aH54, L6-;1
100 _aGupta V J
245 0 _aIndian cenozoic stratigraphy
260 _aDelhi
_bHindustan publishing
_c1976
300 _a343p
_ccm.
650 _aMINES AND MINERAL RESOURCES
_920940
942 _hH54, L6-;1
_cTEXL
_2cc
999 _c944521
_d944521